[Event "23rd PKWN Festival it"]
[Site "Naleczow POL"]
[Date "1987.07.??"]
[Round "1"]
[White "Borkowski, Franciszek"]
[Black "Gavrilakis, Nikolaos"]
[Result "0-1"]
[WhiteElo "2450"]
[BlackElo "2370"]
[EventDate "1987.07.15"]
[PlyCount "62"]

1.e4 e5 2.Nf3 Nc6 3.Bb5 Nd4 4.Ba4 Bc5 5.O-O Nxf3+ 6.Qxf3 Ne7 7.b4 Bd4 8.c3
Bb6 9.c4 Bd4 10.Nc3 O-O 11.Rb1 a5 12.b5 d6 13.Bc2 Be6 14.Nd5 c6 15.Nxe7+ 
Qxe7 16.bxc6 bxc6 17.d3 f5 18.exf5 Rxf5 19.Qg3 Raf8 20.Be3 Qf6 21.Ba4 h5 
22.h4 Bxe3 23.Qxe3 c5 24.Rb6 Qd8 25.Ra6 Rf4 26.g3 Rf3 27.Qe4 Qf6 28.Qe1 
Bh3 29.Bc6 Rxd3 30.Bd5+ Rxd5 31.cxd5 Qf3 0-1

[Event "23rd PKWN Festival it"]
[Site "Naleczow POL"]
[Date "1987.07.??"]
[Round "1"]
[White "Goldin, Alexander"]
[Black "Przewoznik, Jan"]
[Result "1/2-1/2"]
[WhiteElo "2465"]
[BlackElo "2420"]
[EventDate "1987.07.15"]
[PlyCount "109"]

1.d4 e6 2.c4 f5 3.g3 Nf6 4.Bg2 d5 5.Nh3 c6 6.O-O Bd6 7.Bf4 O-O 8.Nd2 b6 9.
Qc2 Bb7 10.Rac1 Qe7 11.cxd5 cxd5 12.Bxd6 Qxd6 13.Nc4 Qe7 14.Ne5 Na6 15.Qa4
Rfc8 16.Nf4 g5 17.Nfd3 Kg7 18.b4 Rxc1 19.Rxc1 Nc7 20.b5 Nce8 21.Nb4 Nd7 
22.Nec6 Qd6 23.Rc3 Bxc6 24.Rxc6 Qe7 25.e3 Ndf6 26.Nd3 Nd7 27.Nb4 Ndf6 28.
Nd3 Nd7 29.Qb4 Qxb4 30.Nxb4 Kf7 31.Rxe6 Ndf6 32.Re5 Rc8 33.Bxd5+ Nxd5 34.
Nxd5 Nd6 35.Re7+ Kf8 36.Rxa7 Rc1+ 37.Kg2 Rc2 38.Nb4 Rb2 39.Nd3 Rd2 40.Ra3 
Nc4 41.Rb3 Nxe3+ 42.Kf3 Nd5 43.g4 Rxa2 44.gxf5 Ke7 45.Ne5 h5 46.h3 Ra1 47.
Ke4 Nf6+ 48.Kf3 Nd5 49.Nc4 Rd1 50.Ke4 Nf6+ 51.Ke5 Nd7+ 52.Kd5 Nf6+ 53.Ke5 
Nd7+ 54.Kd5 Nf6+ 55.Ke5 1/2-1/2

[Event "23rd PKWN Festival it"]
[Site "Naleczow POL"]
[Date "1987.07.??"]
[Round "1"]
[White "Luther, Thomas"]
[Black "Staniszewski, Piotr"]
[Result "1/2-1/2"]
[WhiteElo "2425"]
[BlackElo "2445"]
[EventDate "1987.07.15"]
[PlyCount "120"]

1.e4 c5 2.c3 d5 3.exd5 Qxd5 4.d4 e6 5.Nf3 Nf6 6.Bd3 Be7 7.O-O O-O 8.c4 Qd8
9.dxc5 Na6 10.Qe2 Nb4 11.Rd1 Nxd3 12.Rxd3 Qc7 13.Nc3 Qxc5 14.Ne5 b6 15.b4 
Qc7 16.Nb5 Qb7 17.Bg5 h6 18.Bxf6 Bxf6 19.Rad1 Qe7 20.Nd6 Bxe5 21.Qxe5 f6 
22.Qe4 Rb8 23.Nxc8 Rfxc8 24.Rd7 Qxb4 25.Qxe6+ Kh8 26.h3 Rg8 27.Rxa7 Rbe8 
28.Qf5 Qxc4 29.Rdd7 Qe6 30.Qg6 Qe1+ 31.Kh2 Qe5+ 32.g3 Qe4 33.Qxe4 Rxe4 34.
Rdb7 h5 35.Kg2 Kh7 36.Rxb6 Kh6 37.Rb2 Rc8 38.a4 Rcc4 39.Ra2 f5 40.a5 Ra4 
41.Rxa4 Rxa4 42.a6 g6 43.Ra8 Kg7 44.a7 Kh7 45.Kf3 Kg7 46.Ke3 Kh7 47.Kd3 
Kg7 48.Kc3 Ra1 49.Kc4 Ra2 50.Kd5 Ra1 51.Ke5 Ra4 52.f3 Ra1 53.Kf4 Ra4+ 54.
Kg5 Ra5 55.h4 Ra4 56.Rb8 Rxa7 57.Rb6 Ra1 58.Rxg6+ Kh7 59.Rh6+ Kg7 60.Rg6+ 
Kh7 1/2-1/2

[Event "23rd PKWN Festival it"]
[Site "Naleczow POL"]
[Date "1987.07.??"]
[Round "1"]
[White "Negulescu, Adrian"]
[Black "Matlak, Marek"]
[Result "1/2-1/2"]
[WhiteElo "2435"]
[BlackElo "2440"]
[EventDate "1987.07.15"]
[PlyCount "87"]

1.c4 e6 2.g3 d5 3.Nf3 c6 4.b3 Nf6 5.Bg2 Be7 6.O-O O-O 7.Bb2 b6 8.Qc2 Bb7 
9.d4 Nbd7 10.Nbd2 c5 11.Rac1 Rc8 12.Qb1 dxc4 13.Nxc4 b5 14.Ncd2 a6 15.Rc2 
cxd4 16.Rxc8 Qxc8 17.Nxd4 Bxg2 18.Kxg2 Qb7+ 19.N4f3 Rc8 20.Rc1 Kf8 21.Rc2 
Ke8 22.Qc1 Rxc2 23.Qxc2 Ne5 24.Kg1 Nxf3+ 25.Nxf3 h6 26.Ne5 Bd6 27.Nf3 Qc7 
28.Qd3 Qc6 29.a4 bxa4 30.bxa4 Kf8 31.a5 Bc7 32.Nd4 Qb7 33.Nb3 Kg8 34.Bxf6 
gxf6 35.Nc5 Qc6 36.Nxa6 Bxa5 37.Nb8 Qc3 38.Nd7 Kg7 39.Qe4 Qb4 40.Qf3 Qd4 
41.Qd3 Bb6 42.Qxd4 Bxd4 43.e3 Bc3 44.Kg2 1/2-1/2

[Event "23rd PKWN Festival it"]
[Site "Naleczow POL"]
[Date "1987.07.??"]
[Round "1"]
[White "Nun, Jiri"]
[Black "Jasnikowski, Zbigniew"]
[Result "1-0"]
[WhiteElo "2460"]
[BlackElo "2410"]
[EventDate "1987.07.15"]
[PlyCount "93"]

1.e4 c5 2.c3 Nf6 3.e5 Nd5 4.d4 cxd4 5.Nf3 d6 6.Qxd4 e6 7.Bg5 dxe5 8.Bb5+ 
Nc6 9.Qa4 f6 10.Nxe5 Bd7 11.Nxd7 Qxd7 12.Bd2 Bd6 13.Na3 O-O 14.Nc2 a6 15.
Be2 Qc7 16.g3 f5 17.Qh4 f4 18.O-O-O b5 19.Bd3 g6 20.gxf4 Bxf4 21.Qg4 Rae8 
22.Be4 Ne5 23.Qe2 Nc4 24.Be3 Ndxe3 25.fxe3 Bxe3+ 26.Nxe3 Qf4 27.Bc6 Nxe3 
28.Rd4 Qg5 29.Bxe8 Nc4+ 30.Kb1 Rxe8 31.b3 Ne3 32.Re1 Nd5 33.Kb2 Nf4 34.Qd2
Rf8 35.Rd7 e5 36.Qd6 a5 37.Qc7 Re8 38.Red1 Qf6 39.Ka3 b4+ 40.cxb4 axb4+ 
41.Kxb4 Ne6 42.Qc4 Rb8+ 43.Ka3 Ra8+ 44.Kb2 e4+ 45.Kb1 Qf5 46.Rf1 Qe5 47.
Rff7 1-0

[Event "23rd PKWN Festival it"]
[Site "Naleczow POL"]
[Date "1987.07.??"]
[Round "1"]
[White "Tolnai, Tibor"]
[Black "Redzepagic, Rolando"]
[Result "1/2-1/2"]
[WhiteElo "2475"]
[BlackElo "2390"]
[EventDate "1987.07.15"]
[PlyCount "95"]

1.e4 c6 2.d4 d5 3.Nc3 dxe4 4.Nxe4 Nf6 5.Nxf6+ gxf6 6.Ne2 h5 7.Qd3 Na6 8.c3
Nc7 9.Bd2 Be6 10.Nf4 Qd7 11.Nxe6 Qxe6+ 12.Be2 Bh6 13.Bxh6 Rxh6 14.O-O 
O-O-O 15.Bf3 Rg8 16.Rfe1 Qh3 17.Qe3 Rhg6 18.g3 Nd5 19.Qe4 e6 20.c4 Nc7 21.
Rad1 h4 22.Bg2 Qg4 23.d5 hxg3 24.hxg3 Qxe4 25.Rxe4 f5 26.Rh4 Rg4 27.dxc6 
bxc6 28.Rd6 Rxh4 29.gxh4 Rg4 30.Rxc6 Rxh4 31.b4 Kd7 32.b5 Rd4 33.a4 Rd1+ 
34.Kh2 Ra1 35.b6 axb6 36.Rxb6 Rc1 37.a5 Rxc4 38.a6 Nd5 39.Rb7+ Kc6 40.Rxf7
Ra4 41.a7 Kb6 42.Bxd5 exd5 43.Rxf5 d4 44.Rd5 Kxa7 45.Kg3 Kb6 46.Kf4 Kc6 
47.Ke4 d3+ 48.Ke5 1/2-1/2

[Event "23rd PKWN Festival it"]
[Site "Naleczow POL"]
[Date "1987.07.??"]
[Round "2"]
[White "Gavrilakis, Nikolaos"]
[Black "Negulescu, Adrian"]
[Result "1/2-1/2"]
[WhiteElo "2370"]
[BlackElo "2435"]
[EventDate "1987.07.15"]
[PlyCount "75"]

1.e4 g6 2.d4 c6 3.Nf3 d5 4.Nc3 Bg7 5.h3 Nf6 6.e5 Ne4 7.Nxe4 dxe4 8.Ng5 c5 
9.dxc5 Qxd1+ 10.Kxd1 Nc6 11.Nxe4 Bf5 12.f3 O-O-O+ 13.Bd3 Nxe5 14.Ke2 Nxd3 
15.cxd3 Rd5 16.Rb1 Rhd8 17.Rd1 Bd7 18.Be3 Bb5 19.Nf2 f5 20.b3 a5 21.a4 Ba6
22.b4 axb4 23.Rxb4 Bd4 24.Bxd4 Rxd4 25.Rdb1 Rxb4 26.Rxb4 Rd5 27.Ke3 Rxc5 
28.Rh4 h5 29.g4 hxg4 30.hxg4 Rc2 31.f4 Kd7 32.Rh6 fxg4 33.Nxg4 Ra2 34.Rxg6
Rxa4 35.Ne5+ Kc7 36.Re6 Kd8 37.d4 Bc4 38.Nxc4 1/2-1/2

[Event "23rd PKWN Festival it"]
[Site "Naleczow POL"]
[Date "1987.07.??"]
[Round "2"]
[White "Jasnikowski, Zbigniew"]
[Black "Tolnai, Tibor"]
[Result "0-1"]
[WhiteElo "2410"]
[BlackElo "2475"]
[EventDate "1987.07.15"]
[PlyCount "70"]

1.d4 Nf6 2.c4 e6 3.Nf3 b6 4.g3 Ba6 5.b3 Bb4+ 6.Bd2 Be7 7.Bg2 d5 8.Nc3 c6 
9.O-O O-O 10.Bf4 Nbd7 11.Qd3 dxc4 12.bxc4 Nd5 13.Nd2 Rc8 14.Qc2 Nxf4 15.
gxf4 b5 16.e3 Nb6 17.Rfd1 bxc4 18.Nce4 Nd5 19.Nxc4 c5 20.Ne5 Qa5 21.Nxc5 
Bxc5 22.dxc5 Rxc5 23.Qb2 Rfc8 24.Rd2 h6 25.Nf3 Nb4 26.Ne1 Rb5 27.Qd4 Bb7 
28.Qd7 Rb8 29.Rc1 Nd5 30.Rxd5 Bxd5 31.Rc7 Qxe1+ 32.Bf1 e5 33.Rc8+ Rxc8 34.
Qxc8+ Kh7 35.fxe5 Rb1 0-1

[Event "23rd PKWN Festival it"]
[Site "Naleczow POL"]
[Date "1987.07.??"]
[Round "2"]
[White "Matlak, Marek"]
[Black "Nun, Jiri"]
[Result "1/2-1/2"]
[WhiteElo "2440"]
[BlackElo "2460"]
[EventDate "1987.07.15"]
[PlyCount "48"]

1.Nf3 Nf6 2.c4 e6 3.d4 c5 4.Nc3 cxd4 5.Nxd4 Nc6 6.e4 Bb4 7.Nxc6 bxc6 8.Bd3
e5 9.O-O O-O 10.Be3 d6 11.Qa4 Qa5 12.Qxa5 Bxa5 13.f3 Be6 14.Rfd1 Rab8 15.
Na4 c5 16.Bd2 Bxd2 17.Rxd2 Rfc8 18.Bf1 Ne8 19.Nc3 a6 20.g3 g6 21.b3 Rc6 
22.Rad1 Rd8 23.f4 f6 24.Bg2 Kg7 1/2-1/2

[Event "23rd PKWN Festival it"]
[Site "Naleczow POL"]
[Date "1987.07.??"]
[Round "2"]
[White "Przewoznik, Jan"]
[Black "Borkowski, Franciszek"]
[Result "1/2-1/2"]
[WhiteElo "2420"]
[BlackElo "2450"]
[EventDate "1987.07.15"]
[PlyCount "84"]

1.e4 c5 2.Nf3 d6 3.d4 cxd4 4.Nxd4 Nf6 5.Nc3 a6 6.f4 e6 7.Be2 Be7 8.O-O O-O
9.Kh1 Qc7 10.Bf3 Nc6 11.Nxc6 bxc6 12.e5 Nd5 13.Qe1 a5 14.Bd2 a4 15.Qg3 
Nxc3 16.exd6 Bxd6 17.Bxc3 f6 18.Be4 Ba6 19.Rf2 Bc4 20.Qf3 Bd5 21.Bxd5 exd5
22.Re1 Rae8 23.Rxe8 Rxe8 24.Re2 Rxe2 25.Qxe2 Qd7 26.g3 c5 27.b3 axb3 28.
axb3 Kf8 29.Kg1 Qf5 30.Be1 h5 31.Bf2 Kf7 32.Qa6 Be7 33.Qe2 h4 34.g4 Qxf4 
35.Bxh4 c4 36.bxc4 dxc4 37.Bg3 Bc5+ 38.Kg2 Qd4 39.h4 Qg1+ 40.Kf3 Qh1+ 41.
Qg2 Qa1 42.Qe2 Qh1+ 1/2-1/2

[Event "23rd PKWN Festival it"]
[Site "Naleczow POL"]
[Date "1987.07.??"]
[Round "2"]
[White "Redzepagic, Rolando"]
[Black "Luther, Thomas"]
[Result "1/2-1/2"]
[WhiteElo "2390"]
[BlackElo "2425"]
[EventDate "1987.07.15"]
[PlyCount "41"]

1.d4 Nf6 2.c4 e6 3.Nf3 c5 4.d5 exd5 5.cxd5 d6 6.Nc3 g6 7.Nd2 Nbd7 8.e4 Bg7
9.Be2 O-O 10.O-O Re8 11.a4 a6 12.Re1 Rb8 13.Bf1 Qc7 14.Nc4 Ne5 15.Nxe5 
Rxe5 16.Bf4 Re8 17.e5 dxe5 18.Rxe5 Rxe5 19.d6 Qc6 20.Bxe5 Bg4 21.f3 
1/2-1/2

[Event "23rd PKWN Festival it"]
[Site "Naleczow POL"]
[Date "1987.07.??"]
[Round "2"]
[White "Sarwinski, Miroslaw"]
[Black "Goldin, Alexander"]
[Result "1/2-1/2"]
[WhiteElo "2345"]
[BlackElo "2465"]
[EventDate "1987.07.15"]
[PlyCount "88"]

1.d4 d5 2.c4 e6 3.Nc3 Be7 4.cxd5 exd5 5.Bf4 Nf6 6.e3 O-O 7.Bd3 c5 8.Nf3 
Nc6 9.dxc5 Bxc5 10.O-O d4 11.exd4 Nxd4 12.Nxd4 Bxd4 13.Nb5 Bb6 14.Nd6 Bg4 
15.Be2 Bxe2 16.Qxe2 Qd7 17.Rad1 Bc5 18.Qf3 b6 19.Be5 Qe6 20.Rfe1 Ng4 21.
Bg3 Qg6 22.Nf5 Rae8 23.h3 Nh6 24.Nxh6+ Qxh6 25.Rxe8 Rxe8 26.Rd7 Rf8 27.Qd1
Qf6 28.Qd2 a5 29.Bd6 Re8 30.Bxc5 bxc5 31.Rd5 Qb6 32.b3 h6 33.Rd6 Qb4 34.
Qxb4 axb4 35.Rc6 Re1+ 36.Kh2 Re2 37.Rxc5 Rxa2 38.Rb5 Rxf2 39.Rxb4 Kf8 40.
Rb7 Ke8 41.Kg3 Rf5 42.Kg4 g6 43.b4 Kd8 44.Kg3 Kc8 1/2-1/2

[Event "23rd PKWN Festival it"]
[Site "Naleczow POL"]
[Date "1987.07.??"]
[Round "3"]
[White "Borkowski, Franciszek"]
[Black "Sarwinski, Miroslaw"]
[Result "0-1"]
[WhiteElo "2450"]
[BlackElo "2345"]
[EventDate "1987.07.15"]
[PlyCount "78"]

1.e4 e5 2.Nf3 Nc6 3.d4 exd4 4.Nxd4 Nf6 5.Nxc6 bxc6 6.e5 Nd5 7.c4 Bb4+ 8.
Nd2 Ne7 9.a3 Bxd2+ 10.Bxd2 Ng6 11.Qh5 Qe7 12.O-O-O O-O 13.Bd3 Rb8 14.Rhe1 
Ba6 15.Re3 h6 16.Rg3 Rb3 17.Bxg6 Rxg3 18.hxg3 fxg6 19.Qxg6 Rxf2 20.Bxh6 
Qxe5 21.Bd2 Bxc4 22.Bc3 Qe3+ 23.Bd2 Rxd2 24.Rxd2 Bb3 25.Qh5 Qe1+ 26.Rd1 
Qxd1+ 27.Qxd1 Bxd1 28.Kxd1 Kf7 29.Ke2 Ke6 30.Ke3 Kf5 31.b4 Ke5 32.g4 Kd5 
33.Kd3 c5 34.g5 cxb4 35.axb4 c5 36.b5 c4+ 37.Kc3 Kc5 38.g6 d5 39.g4 d4+ 
0-1

[Event "23rd PKWN Festival it"]
[Site "Naleczow POL"]
[Date "1987.07.??"]
[Round "3"]
[White "Luther, Thomas"]
[Black "Jasnikowski, Zbigniew"]
[Result "1/2-1/2"]
[WhiteElo "2425"]
[BlackElo "2410"]
[EventDate "1987.07.15"]
[PlyCount "32"]

1.e4 c5 2.c3 Nf6 3.e5 Nd5 4.d4 cxd4 5.Nf3 d6 6.Bc4 dxe5 7.Nxe5 e6 8.O-O 
Nc6 9.Nxc6 bxc6 10.Qxd4 Nb6 11.Qe4 f5 12.Qe2 Nxc4 13.Qxc4 Qd5 14.Qxd5 cxd5
15.Bf4 Be7 16.Nd2 g5 1/2-1/2

[Event "23rd PKWN Festival it"]
[Site "Naleczow POL"]
[Date "1987.07.??"]
[Round "3"]
[White "Negulescu, Adrian"]
[Black "Przewoznik, Jan"]
[Result "1/2-1/2"]
[WhiteElo "2435"]
[BlackElo "2420"]
[EventDate "1987.07.15"]
[PlyCount "61"]

1.d4 Nf6 2.Nf3 e6 3.g3 c5 4.Bg2 a6 5.c4 cxd4 6.Nxd4 Qc7 7.Nd2 Nc6 8.Nxc6 
dxc6 9.O-O Be7 10.Nf3 e5 11.Qb3 Bf5 12.Be3 Nd7 13.Qc3 O-O 14.Rad1 Rad8 15.
b4 f6 16.c5 Be6 17.a3 Rfe8 18.Nd2 Nf8 19.f4 exf4 20.Bxf4 Qc8 21.Nc4 Bxc4 
22.Qxc4+ Qe6 23.Qxe6+ Nxe6 24.Be3 Rxd1 25.Rxd1 Rd8 26.Rxd8+ Bxd8 27.Kf2 
Bc7 28.a4 Be5 29.b5 axb5 30.axb5 Bd4 31.bxc6 1/2-1/2

[Event "23rd PKWN Festival it"]
[Site "Naleczow POL"]
[Date "1987.07.??"]
[Round "3"]
[White "Nun, Jiri"]
[Black "Gavrilakis, Nikolaos"]
[Result "1/2-1/2"]
[WhiteElo "2460"]
[BlackElo "2370"]
[EventDate "1987.07.15"]
[PlyCount "56"]

1.e4 e5 2.Nf3 Nc6 3.Bc4 Bc5 4.c3 Nf6 5.d3 d6 6.b4 Bb6 7.O-O O-O 8.Nbd2 a6 
9.Re1 Ng4 10.Re2 Kh8 11.h3 Nh6 12.Nf1 f5 13.Bxh6 gxh6 14.exf5 Bxf5 15.Bd5 
Qc8 16.N3h2 Ne7 17.Bf3 Bxh3 18.d4 Rxf3 19.Nxf3 Nd5 20.gxh3 Qxh3 21.Ng3 
Nxc3 22.Qf1 Nxe2+ 23.Qxe2 Rg8 24.Qe4 Rg4 25.Qxb7 e4 26.Qc8+ Kg7 27.Qd7+ 
Kf6 28.Qd8+ Kf7 1/2-1/2

[Event "23rd PKWN Festival it"]
[Site "Naleczow POL"]
[Date "1987.07.??"]
[Round "3"]
[White "Staniszewski, Piotr"]
[Black "Redzepagic, Rolando"]
[Result "1-0"]
[WhiteElo "2445"]
[BlackElo "2390"]
[EventDate "1987.07.15"]
[PlyCount "121"]

1.d4 d5 2.c4 c6 3.Nf3 Nf6 4.Nc3 dxc4 5.a4 Bf5 6.e3 e6 7.Bxc4 Bb4 8.O-O O-O
9.Qe2 Nbd7 10.e4 Bg6 11.Bd3 Bh5 12.Bf4 Re8 13.e5 Nd5 14.Nxd5 cxd5 15.h3 
Nb8 16.g4 Bg6 17.Bxg6 fxg6 18.Qb5 a5 19.Qxb7 Nd7 20.Kg2 Qe7 21.Be3 Rab8 
22.Qa6 Rb6 23.Qe2 Reb8 24.Rfc1 Nf8 25.Rc2 Qe8 26.Ne1 Bxe1 27.Qxe1 Rb4 28.
b3 g5 29.Rc7 Qg6 30.Qb1 Qe8 31.Bxg5 Rxb3 32.Qc1 Qg6 33.Qf4 h6 34.Bh4 Nh7 
35.Rac1 Rf8 36.Rc8 Rb7 37.Qe3 h5 38.Kg3 Rxc8 39.Rxc8+ Nf8 40.f3 hxg4 41.
hxg4 Qb1 42.Qc1 Qb4 43.Qc3 Qb1 44.Qc1 Qb4 45.Bg5 Rf7 46.Qc3 Qxa4 47.Bc1 
Qd1 48.Qe3 Kh7 49.Ba3 Ng6 50.Rc1 Qa4 51.Qd3 Qe8 52.Bd6 Rf4 53.Rc7 Qa4 54.
Rc1 Qe8 55.Rc7 Qa4 56.Rc1 Qe8 57.Rh1+ Kg8 58.Rb1 Kh7 59.Rh1+ Kg8 60.Rb1 
Kh7 61.Qc2 1-0

[Event "23rd PKWN Festival it"]
[Site "Naleczow POL"]
[Date "1987.07.??"]
[Round "3"]
[White "Tolnai, Tibor"]
[Black "Matlak, Marek"]
[Result "1/2-1/2"]
[WhiteElo "2475"]
[BlackElo "2440"]
[EventDate "1987.07.15"]
[PlyCount "132"]

1.e4 e6 2.d4 d5 3.Nd2 Nf6 4.e5 Nfd7 5.c3 c5 6.Bd3 Nc6 7.Ne2 Qb6 8.Nf3 cxd4
9.cxd4 f6 10.exf6 Nxf6 11.O-O Bd6 12.Nc3 O-O 13.Bg5 Kh8 14.Rc1 Bd7 15.Na4 
Qc7 16.Nc5 Rae8 17.Bh4 Bc8 18.Bg3 Bxg3 19.hxg3 Qb6 20.Qe2 e5 21.dxe5 Bg4 
22.Qd2 Nxe5 23.Nxe5 Rxe5 24.b4 Bc8 25.Rfe1 Qd6 26.Rxe5 Qxe5 27.Be2 Re8 28.
Bf3 b6 29.Nd3 Qd4 30.Rc7 h6 31.Rxa7 Bf5 32.Ra3 Rc8 33.Qb2 Qxb2 34.Nxb2 
Rc1+ 35.Kh2 Rb1 36.Nd1 Rxb4 37.Ne3 Be4 38.Bxe4 Rxe4 39.f3 Re7 40.Nf5 Rc7 
41.Rb3 Nd7 42.Rd3 Nf6 43.Re3 Ra7 44.Re6 Rxa2 45.Nxh6 Ra7 46.Nf5 Rb7 47.g4 
b5 48.g5 Nd7 49.g6 Rb8 50.f4 b4 51.Re3 Kg8 52.Ne7+ Kf8 53.Nxd5 b3 54.Rh3 
Ke8 55.f5 Nf8 56.Rh8 Rb7 57.f6 b2 58.f7+ Kd7 59.Rxf8 b1=Q 60.Re8 Qxg6 61.
Re7+ Kc6 62.f8=Q Qh5+ 63.Kg3 Qg5+ 64.Kh3 Qh5+ 65.Kg3 Qg5+ 66.Kh3 Qh5+ 
1/2-1/2

[Event "23rd PKWN Festival it"]
[Site "Naleczow POL"]
[Date "1987.07.??"]
[Round "4"]
[White "Gavrilakis, Nikolaos"]
[Black "Tolnai, Tibor"]
[Result "1/2-1/2"]
[WhiteElo "2370"]
[BlackElo "2475"]
[EventDate "1987.07.15"]
[PlyCount "32"]

1.e4 c5 2.Nf3 d6 3.d4 cxd4 4.Nxd4 Nf6 5.Nc3 g6 6.h3 Bg7 7.Bc4 O-O 8.O-O 
Nc6 9.Be3 Bd7 10.Bb3 Rc8 11.Re1 Qa5 12.Nd5 Rfe8 13.Nxc6 bxc6 14.Nxf6+ Bxf6
15.Bd2 Qc7 16.Qf3 c5 1/2-1/2

[Event "23rd PKWN Festival it"]
[Site "Naleczow POL"]
[Date "1987.07.??"]
[Round "4"]
[White "Goldin, Alexander"]
[Black "Borkowski, Franciszek"]
[Result "1-0"]
[WhiteElo "2465"]
[BlackElo "2450"]
[EventDate "1987.07.15"]
[PlyCount "76"]

1.d4 d5 2.c4 c6 3.Nf3 Nf6 4.Qc2 g6 5.Bf4 Bf5 6.Qb3 Qb6 7.e3 Na6 8.Nc3 Qxb3
9.axb3 Nb4 10.Ra4 a5 11.Bc7 Nc2+ 12.Kd2 Ng4 13.Nd1 e6 14.c5 Kd7 15.Bb6 f6 
16.h3 Nh6 17.Nc3 Nb4 18.Bxa5 Na6 19.b4 Nf7 20.b5 Nc7 21.bxc6+ bxc6 22.Be2 
e5 23.Rha1 exd4 24.exd4 Bh6+ 25.Kd1 Rhb8 26.Bxc7 Rxa4 27.Rxa4 Kxc7 28.b4 
Bd7 29.b5 Nd8 30.Ra7+ Rb7 31.Ra8 Rb8 32.b6+ Kc8 33.Ba6+ Nb7 34.Ra7 Bf5 35.
Nd2 Bxd2 36.Kxd2 g5 37.Nxd5 Kd8 38.Bxb7 cxd5 1-0

[Event "23rd PKWN Festival it"]
[Site "Naleczow POL"]
[Date "1987.07.??"]
[Round "4"]
[White "Jasnikowski, Zbigniew"]
[Black "Staniszewski, Piotr"]
[Result "1-0"]
[WhiteElo "2410"]
[BlackElo "2445"]
[EventDate "1987.07.15"]
[PlyCount "65"]

1.d4 Nf6 2.c4 e6 3.Nf3 c5 4.d5 exd5 5.cxd5 d6 6.Nc3 g6 7.Bf4 Bg7 8.Qa4+ 
Bd7 9.Qb3 b5 10.Nxb5 Qa5+ 11.Nc3 Ne4 12.Bd2 Nxd2 13.Nxd2 O-O 14.Nc4 Qc7 
15.e3 Na6 16.Be2 Nb4 17.a3 Na6 18.O-O Rab8 19.Qc2 Rfe8 20.Ne4 Rb6 21.Nxb6 
Qxb6 22.Nd2 Nb8 23.Nc4 Qc7 24.Rab1 a5 25.Qd2 a4 26.b3 axb3 27.Rxb3 Ba4 28.
Rb6 Nd7 29.Ra6 Bb3 30.Nxd6 Re5 31.Bc4 Nb6 32.Qa5 Qxd6 33.Rxb6 1-0

[Event "23rd PKWN Festival it"]
[Site "Naleczow POL"]
[Date "1987.07.??"]
[Round "4"]
[White "Matlak, Marek"]
[Black "Luther, Thomas"]
[Result "1/2-1/2"]
[WhiteElo "2440"]
[BlackElo "2425"]
[EventDate "1987.07.15"]
[PlyCount "25"]

1.Nf3 e6 2.c4 Nf6 3.g3 a6 4.Bg2 b5 5.b3 c5 6.O-O Bb7 7.Bb2 Be7 8.Nc3 Qb6 
9.d3 O-O 10.Rb1 d5 11.cxd5 Nxd5 12.Qd2 Nd7 13.Rfc1 1/2-1/2

[Event "23rd PKWN Festival it"]
[Site "Naleczow POL"]
[Date "1987.07.??"]
[Round "4"]
[White "Przewoznik, Jan"]
[Black "Nun, Jiri"]
[Result "1/2-1/2"]
[WhiteElo "2420"]
[BlackElo "2460"]
[EventDate "1987.07.15"]
[PlyCount "113"]

1.e4 c5 2.Nf3 Nc6 3.d4 cxd4 4.Nxd4 Nf6 5.Nc3 e5 6.Ndb5 d6 7.Bg5 a6 8.Na3 
b5 9.Nd5 Be7 10.Bxf6 Bxf6 11.c3 Ne7 12.Nc2 Nxd5 13.Qxd5 Be6 14.Qc6+ Ke7 
15.Nb4 Qd7 16.Qxd7+ Bxd7 17.Nd5+ Kd8 18.Rd1 Be7 19.Be2 Rb8 20.O-O f5 21.
exf5 Bxf5 22.f4 exf4 23.Rxf4 Be6 24.Nxe7 Kxe7 25.Re4 Kd7 26.Bg4 Bxg4 27.
Rxg4 g6 28.Rgd4 Rb6 29.Rf1 Re8 30.Rf7+ Re7 31.Rxe7+ Kxe7 32.Kf2 Rc6 33.
Re4+ Kf6 34.Ke3 Rc5 35.Kd4 a5 36.b3 h5 37.g3 g5 38.Re8 a4 39.Rh8 axb3 40.
axb3 g4 41.Re8 Kf7 42.Re2 Kf6 43.Re4 Rf5 44.Re8 Kf7 45.Re2 Kf6 46.b4 Rf1 
47.Kd5 Rc1 48.Kxd6 Rxc3 49.Re6+ Kf5 50.Re5+ Kg6 51.Rxb5 Rc2 52.Rc5 Rxh2 
53.b5 Rg2 54.Rc3 h4 55.gxh4 Kh5 56.Rb3 g3 57.b6 1/2-1/2

[Event "23rd PKWN Festival it"]
[Site "Naleczow POL"]
[Date "1987.07.??"]
[Round "4"]
[White "Sarwinski, Miroslaw"]
[Black "Negulescu, Adrian"]
[Result "1/2-1/2"]
[WhiteElo "2345"]
[BlackElo "2435"]
[EventDate "1987.07.15"]
[PlyCount "52"]

1.d4 Nf6 2.c4 c5 3.d5 g6 4.Nc3 Bg7 5.Nf3 O-O 6.Bg5 d6 7.Qd2 e6 8.Rd1 exd5 
9.Nxd5 Be6 10.Nxf6+ Bxf6 11.b3 Nc6 12.Bh6 Re8 13.g3 Nd4 14.Nxd4 cxd4 15.
Bg2 d5 16.cxd5 Bxd5 17.O-O Bxg2 18.Kxg2 Qd5+ 19.f3 Qb5 20.Rfe1 Re6 21.e4 
dxe3 22.Rxe3 Rxe3 23.Bxe3 Rd8 24.Qc2 Re8 25.Bf2 Re2 26.Rd2 Rxd2 1/2-1/2

[Event "23rd PKWN Festival it"]
[Site "Naleczow POL"]
[Date "1987.07.??"]
[Round "5"]
[White "Luther, Thomas"]
[Black "Gavrilakis, Nikolaos"]
[Result "0-1"]
[WhiteElo "2425"]
[BlackElo "2370"]
[EventDate "1987.07.15"]
[PlyCount "48"]

1.e4 e5 2.Nf3 Nc6 3.Bc4 Bc5 4.c3 Nf6 5.b4 Bb6 6.d3 d6 7.Bb3 Ne7 8.Nbd2 c6 
9.O-O Ng6 10.Nc4 Bc7 11.Re1 O-O 12.d4 h6 13.h3 Be6 14.Qc2 Nh5 15.Ne3 Nhf4 
16.dxe5 dxe5 17.Bxe6 fxe6 18.Nh2 Nh4 19.Kh1 Bb6 20.Nhf1 Nfxg2 21.Nxg2 Rxf2
22.Qb3 Nxg2 23.Qxe6+ Kh7 24.Be3 Bxe3 0-1

[Event "23rd PKWN Festival it"]
[Site "Naleczow POL"]
[Date "1987.07.??"]
[Round "5"]
[White "Negulescu, Adrian"]
[Black "Goldin, Alexander"]
[Result "1/2-1/2"]
[WhiteElo "2435"]
[BlackElo "2465"]
[EventDate "1987.07.15"]
[PlyCount "25"]

1.c4 e6 2.Nf3 d5 3.e3 Nf6 4.b3 b6 5.Be2 Bb7 6.O-O Nbd7 7.Bb2 Bd6 8.d4 Ne4 
9.Nbd2 Nxd2 10.Nxd2 O-O 11.Bf3 Rb8 12.Qc2 f5 13.a4 1/2-1/2

[Event "23rd PKWN Festival it"]
[Site "Naleczow POL"]
[Date "1987.07.??"]
[Round "5"]
[White "Nun, Jiri"]
[Black "Sarwinski, Miroslaw"]
[Result "1-0"]
[WhiteElo "2460"]
[BlackElo "2345"]
[EventDate "1987.07.15"]
[PlyCount "81"]

1.e4 e5 2.Nf3 Nc6 3.Bc4 Bc5 4.c3 Nf6 5.d4 exd4 6.cxd4 Bb4+ 7.Bd2 Bxd2+ 8.
Nbxd2 d5 9.exd5 Nxd5 10.Qb3 Nce7 11.O-O O-O 12.Rfe1 Nb6 13.Bd3 Ned5 14.Ne4
Bf5 15.Nc5 Bxd3 16.Qxd3 Rb8 17.Ne5 Nf6 18.Rad1 Qd5 19.a4 Nbd7 20.Qc3 c6 
21.b4 Rfe8 22.Nexd7 Rxe1+ 23.Rxe1 Nxd7 24.Qg3 Rf8 25.Nxb7 Qxd4 26.Qb3 Qb6 
27.Nd6 c5 28.Qd1 cxb4 29.Re7 Qd8 30.Qe1 Nf6 31.Nf5 a5 32.h3 Re8 33.Qe5 
Qd1+ 34.Kh2 Qxa4 35.Qg3 Nh5 36.Nh6+ Kh8 37.Nxf7+ Kg8 38.Nh6+ Kh8 39.Qg5 
Qc6 40.Qd5 Qg6 41.Nf7+ 1-0

[Event "23rd PKWN Festival it"]
[Site "Naleczow POL"]
[Date "1987.07.??"]
[Round "5"]
[White "Redzepagic, Rolando"]
[Black "Jasnikowski, Zbigniew"]
[Result "0-1"]
[WhiteElo "2390"]
[BlackElo "2410"]
[EventDate "1987.07.15"]
[PlyCount "112"]

1.d4 Nf6 2.c4 g6 3.Nc3 d5 4.cxd5 Nxd5 5.e4 Nxc3 6.bxc3 Bg7 7.Nf3 c5 8.Rb1 
O-O 9.Be2 cxd4 10.cxd4 Qa5+ 11.Qd2 Qxd2+ 12.Bxd2 e6 13.O-O b6 14.Rbc1 Bb7 
15.Bd3 Nc6 16.e5 Rad8 17.Bg5 Nxe5 18.Nxe5 Rxd4 19.Be3 Rdd8 20.Rc7 Bxe5 21.
Rxb7 Rxd3 22.Rxa7 b5 23.g3 Rb8 24.Kg2 Rd5 25.Rc1 Kf8 26.Bh6+ Ke8 27.Rb1 
Bd4 28.Rc7 Rc5 29.Rxc5 Bxc5 30.Rc1 Bd4 31.Kf3 Ra8 32.Rc2 Ra4 33.Be3 Ra3 
34.Ke4 Bxe3 35.fxe3 f5+ 36.Kd4 Kd7 37.Kc5 Rxe3 38.Kxb5 e5 39.a4 Rb3+ 40.
Kc4 Rb8 41.Kd5 e4 42.Ke5 Rb4 43.Ra2 Kc6 44.a5 Kb7 45.a6+ Ka7 46.Kf4 Rb3 
47.Kg5 Rd3 48.Ra1 Rd2 49.g4 Rf2 50.Rd1 Kxa6 51.Rd7 e3 52.Rxh7 e2 53.Re7 f4
54.h4 f3 55.Kf4 Rf1 56.h5 g5+ 0-1

[Event "23rd PKWN Festival it"]
[Site "Naleczow POL"]
[Date "1987.07.??"]
[Round "5"]
[White "Staniszewski, Piotr"]
[Black "Matlak, Marek"]
[Result "1/2-1/2"]
[WhiteElo "2445"]
[BlackElo "2440"]
[EventDate "1987.07.15"]
[PlyCount "39"]

1.d4 Nf6 2.c4 e6 3.Nf3 b6 4.g3 Bb7 5.Bg2 Be7 6.O-O O-O 7.Nc3 Ne4 8.Bd2 f5 
9.d5 Bf6 10.Rc1 a5 11.Ne1 Nxc3 12.Bxc3 Na6 13.dxe6 Bxg2 14.e7 Qxe7 15.Nxg2
Bxc3 16.Rxc3 d6 17.Nf4 Rae8 18.e3 Qf7 19.Qd5 Re5 20.Qxf7+ 1/2-1/2

[Event "23rd PKWN Festival it"]
[Site "Naleczow POL"]
[Date "1987.07.??"]
[Round "5"]
[White "Tolnai, Tibor"]
[Black "Przewoznik, Jan"]
[Result "1/2-1/2"]
[WhiteElo "2475"]
[BlackElo "2420"]
[EventDate "1987.07.15"]
[PlyCount "55"]

1.e4 e6 2.d4 d5 3.Nc3 dxe4 4.Nxe4 Nd7 5.Bd3 Ngf6 6.Qe2 Be7 7.Nf3 O-O 8.Bg5
h6 9.Bd2 c5 10.Nxf6+ Nxf6 11.dxc5 Bxc5 12.O-O-O Qb6 13.Ne5 Bd4 14.c3 Bxe5 
15.Qxe5 Ng4 16.Qg3 e5 17.Rhf1 f5 18.h3 f4 19.Qh4 Nf6 20.g3 e4 21.Bc4+ Be6 
22.Bxe6+ Qxe6 23.Bxf4 Qxa2 24.Be5 Rad8 25.Rxd8 Rxd8 26.Bxf6 Qa1+ 27.Kc2 
Qa4+ 28.Kb1 1/2-1/2